000 01108nam0a2200313 4500
001 RU\NLR\bibl\892565
005 20250614173055.0
010 _a5-9550-0461-0
_93000
021 _aRU
_b2005-76634
_93778
035 _a(NLR Aleph) 000881056
090 _a1659191
_c1659191
100 _a20051222d2005 |||y0rusy50 ca
101 1 _arus
_ceng
102 _aRU
105 _aa |||||||||
200 1 _aМистическая Каббала
_e[перевод с английского]
_fДион Форчун
210 _aМосква
_cСофия
_d2005
215 _a350,[1] с.
_cил.
_d21
300 _aВ предисл. авт.: Дион Форчун - магическое имя Вайолет Мэри Ферт
320 _aБиблиогр. в примеч.: с. 348-351 (116 назв.)
606 1 _aКаббала
_91274272
_3RU\NLR\auth\66524815
686 _aЭ36-34-024.7
700 1 _aФорчун
_bД.
_f1890-1946
_gДион
_4070
801 0 _aRU
_bNLR
_c20051222
_grcr
801 1 _aRU
_bNLR
_c20051222
942 _cBOOK
980 _aNB